La sindicatura en las sociedades anónimas (Registro nro. 2910)
[ vista simple ]
| 000 -LEADER | |
|---|---|
| fixed length control field | 01125 a2200205 4500 |
| 001 - CONTROL NUMBER | |
| control field | 38632 |
| 005 - DATE AND TIME OF LATEST TRANSACTION | |
| control field | 20260407155648.0 |
| 008 - FIXED-LENGTH DATA ELEMENTS--GENERAL INFORMATION | |
| fixed length control field | 260407a1977 arg spa d |
| 003 - CONTROL NUMBER IDENTIFIER | |
| control field | AR-UNSa-BCEJYS |
| 040 ## - CATALOGING SOURCE | |
| Original cataloging agency | AR-UNSa-BCEJYS |
| Language of cataloging | spa |
| Transcribing agency | AR-UNSa-BCEJYS |
| 080 ## - UNIVERSAL DECIMAL CLASSIFICATION NUMBER | |
| Universal Decimal Classification number | 347.725 |
| Common auxiliary subdivision | Sociedades públicas. Sociedades anónimas (Sociedades por acciones) |
| 041 ## - LANGUAGE CODE | |
| Language code of text/sound track or separate title | spa |
| 100 1# - MAIN ENTRY--PERSONAL NAME | |
| Personal name | Verón, Alberto Víctor |
| 245 10 - TITLE STATEMENT | |
| Title | La sindicatura en las sociedades anónimas |
| 264 #1 - PRODUCTION, PUBLICATION, DISTRIBUTION, MANUFACTURE, AND COPYRIGHT NOTICE | |
| Place of production, publication, distribution, manufacture | Buenos Aires : |
| Name of producer, publisher, distributor, manufacturer | Abaco |
| Date of production, publication, distribution, manufacture, or copyright notice | 1977 |
| 300 ## - PHYSICAL DESCRIPTION | |
| Extent | xix, 357 p. |
| Dimensions | 23 cm. |
| 505 ## - FORMATTED CONTENTS NOTE | |
| Formatted contents note | Parte Primera: Empresa y sociedad anónima: 1. Teoría de la empresa - 2. La sociedad anónima actual - 3. La sociedad anónima argentina -- Parte Segunda: Sindicatura privada: 1. Antecedentes - 2. Naturaleza jurídica - 3. Designación - 4. Requisitos - 5. Funcionamiento - 6. Atribuciones y deberes (I) - 7. Atribuciones y deberes (II) - 8. Atribuciones y deberes (III) - 9. Atribuciones y deberes (IV) - 10. Prohibiciones (I) - 11. Prohibiciones (II) - 12. Responsabilidades (I) - 13. Responsabilidades (II) - |
| 590 ## - LOCAL NOTE (RLIN) | |
| Local note | niveau_biblio:m niveau_hierar:0 |
| 942 ## - ADDED ENTRY ELEMENTS (KOHA) | |
| Koha item type | |
| Withdrawn status | Lost status | Damaged status | Not for loan | Home library | Current library | Shelving location | Date acquired | Total checkouts | Full call number | Barcode | Date last seen | Price effective from | Koha item type |
|---|---|---|---|---|---|---|---|---|---|---|---|---|---|
| Biblioteca Prof. Eusebio Cleto del Rey | Biblioteca Prof. Eusebio Cleto del Rey | 07/04/2026 | 347.725 V547 | L125691 | 07/04/2026 | 07/04/2026 | Libro |